| 000 | 00764nam a2200241Ia 4500 | ||
|---|---|---|---|
| 008 | 130821s2005 ag gr spa | ||
| 020 | _a950071373X | ||
| 040 |
_aCo-BoUCM _bspa |
||
| 041 | 0 | 0 | _aspa |
| 100 | 1 |
_aMerton, Thomas _92330 |
|
| 245 | 1 | 3 |
_aLa montaña de los siete círculos _cThomas Merton |
| 250 | _a7a ed. | ||
| 260 |
_aBuenos Aires (Argentina) _bEditorial Sudamericana _c2005 |
||
| 300 | _a444 páginas | ||
| 650 | 0 | 4 |
_aLiteratura europea _926524 |
| 650 | 0 | 4 |
_aLiteratura francesa _97794 |
| 650 | 0 | 4 |
_aNovela francesa _920506 |
| 650 | 0 | 4 |
_aReligión en la literatura _923501 |
| 700 | 1 |
_aTur, Aquilino _etrad. _9165232 |
|
| 765 | _aThe seven storey mountain | ||
| 942 |
_cLIBRO _a18 _e7 _mM575m _2DEWEY _h843 |
||
| 999 |
_c60633 _d60633 |
||